[Event "FRA-ch U20"]
[Site "Aix les Bains"]
[Date "2009.04.25"]
[Round "8"]
[White "Pouchon, Mickael"]
[Black "Guilleux, Fabien"]
[Result "0-1"]
[WhiteElo "1902"]
[BlackElo "2313"]
[PlyCount "78"]
[EventDate "2009.04.19"]
[EventType "swiss"]
[EventRounds "9"]
[EventCountry "FRA"]
[SourceTitle "CBM 130 Extra"]
[Source "ChessBase"]
[SourceDate "2009.07.02"]
[SourceVersion "2"]
[SourceVersionDate "2009.07.15"]
[SourceQuality "1"]

1. e4 c5 2. Nf3 d6 3. Bb5+ Bd7 4. Bxd7+ Qxd7 5. 0-0 Nf6 6. Re1 Nc6 7. b3 g6 8. Bb2 Bg7 9. d4 cxd4 10. Nxd4 Nxd4 11. Bxd4 b5 12. Qe2 0-0 13. Na3 a6 14. c4 Rab8 15. Rad1 Qg4 16. f3 Qh5 17. g4 Nxg4 18. fxg4 Bxd4+ 19. Rxd4 Qc5 20. Qf2 Qxa3 21. Kh1 Qc5 22. Qd2 Qe5 23. Rc1 Rfc8 24. Rc3 Rc5 25. b4 Rxc4 26. Rdxc4 bxc4 27. Rxc4 a5 28. Kg2 Qe6 29. Qe2 Rxb4 30. Rxb4 axb4 31. Kf3 d5 32. exd5 Qxd5+ 33. Kg3 Qd6+ 34. Kf3 Kg7 35. Kg2 e5 36. Qe3 Qd5+ 37. Kg3 Qd4 38. Qxd4 exd4 39. Kf4 f5 0-1

[Event "FRA-ch U20"]
[Site "La Roche sur Yon"]
[Date "2008.04.21"]
[Round "1"]
[White "Pouchon, Mickael"]
[Black "Soyez, Cyril"]
[Result "0-1"]
[WhiteElo "1932"]
[BlackElo "2244"]
[PlyCount "64"]
[EventDate "2008.04.21"]
[EventType "swiss"]
[EventRounds "9"]
[EventCountry "FRA"]
[SourceTitle "EXT 2010"]
[Source "ChessBase"]
[SourceDate "2010.11.25"]
[SourceVersion "1"]
[SourceVersionDate "2010.11.25"]
[SourceQuality "1"]

1. e4 c5 2. Qe2 Nc6 3. c3 g6 4. f4 Bg7 5. Nf3 Rb8 6. Qf2 d6 7. Bc4 Nf6 8. d3 b5 9. Bb3 0-0 10. 0-0 c4 11. Bc2 cxd3 12. Bxd3 b4 13. f5 Ng4 14. Qh4 Nce5 15. Nxe5 Nxe5 16. Bc2 Ba6 17. Rd1 Bf6 18. Qg3 Qb6+ 19. Kh1 Rfc8 20. Bb3 Bc4 21. cxb4 Qxb4 22. Bd2 Qb7 23. Nc3 Bxb3 24. axb3 Qxb3 25. Nd5 Qxg3 26. Nxf6+ Kg7 27. Nh5+ gxh5 28. hxg3 Rxb2 29. Rxa7 Ng4 30. Be1 Kf6 31. Raa1 Re2 32. Rd4 Rcc2 0-1

[Event "FRA-ch U18"]
[Site "Le Grand Bornand"]
[Date "2007.04.11"]
[Round "5"]
[White "Pouchon, Mickael"]
[Black "Brethes, Francois"]
[Result "0-1"]
[WhiteElo "1943"]
[BlackElo "2180"]
[PlyCount "72"]
[EventDate "2007.04.07"]
[EventType "swiss"]
[EventRounds "9"]
[EventCountry "FRA"]
[SourceTitle "CBM 118 Extra"]
[Source "ChessBase"]
[SourceDate "2007.07.04"]
[SourceVersion "1"]
[SourceVersionDate "2007.07.04"]
[SourceQuality "1"]

1. a3 d5 2. b4 e5 3. Bb2 Bd6 4. e3 Nf6 5. Nf3 Qe7 6. c4 c6 7. Be2 0-0 8. 0-0 Bg4 9. Nc3 dxc4 10. b5 Bxf3 11. gxf3 Qe6 12. bxc6 Nxc6 13. Qa4 Qh3 14. Qxc4 e4 15. f4 Ng4 16. Bxg4 Qxg4+ 17. Kh1 Qf3+ 18. Kg1 Rfe8 19. Qe2 Qxe2 20. Nxe2 Rad8 21. Bc3 f5 22. f3 Bc5 23. fxe4 fxe4 24. Rf2 Rd3 25. Rg2 Re7 26. Kf1 Red7 27. h4 b6 28. f5 Bd6 29. Rg4 Be5 30. f6 Rxd2 31. fxg7 Rf7+ 32. Ke1 Rc2 33. Bxe5 Nxe5 34. Nd4 Nd3+ 35. Kd1 Rb2 36. Rg1 Rff2 0-1